Transfer World Records in Football - Statistics

General Stats
  • This quiz has been taken 275 times
  • The average score is 15 of 25
Answer Stats
Year Fee Nationality From To Footballer % Correct
2017 £198mill Brazil Barcelona Paris Saint-Germain Neymar
100%
2009 £80mill Portugal Manchester United Real Madrid Cristiano Ronaldo
99%
2013 £86mill Wales Tottenham Hotspur Real Madrid Gareth Bale
99%
1997 £19.5mill Brazil Barcelona Inter Milan Ronaldo
99%
1996 £13.2mill Brazil PSV Eindhoven Barcelona Ronaldo
99%
2016 £89mill France Juventus Manchester United Paul Pogba
98%
2001 £46.6mill France Juventus Real Madrid Zinedine Zidane
94%
2009 £56mill Brazil AC Milan Real Madrid Kaká
92%
2000 £37mill Portugal Barcelona Real Madrid Luís Figo
91%
1996 £15mill England Blackburn Rovers Newcastle United Alan Shearer
73%
1984 £5mill Argentina Barcelona Napoli Diego Maradona
68%
1982 £3mill Argentina Boca Juniors Barcelona Diego Maradona
68%
2000 £35.5mill Argentina Parma Lazio Hernán Crespo
61%
1973 £922,000 Netherlands Ajax Amsterdam Barcelona Johan Cruyff
57%
1987 £6mill Netherlands PSV Eindhoven AC Milan Ruud Gullit
52%
1990 £8mill Italy Fiorentina Juventus Roberto Baggio
44%
1992 £10mill France Olympique Marseille AC Milan Jean-Pierre Papin
42%
1999 £32mill Italy Lazio Inter Milan Christian Vieri
41%
1998 £21.5mill Brazil São Paulo Real Betis Denílson
29%
1976 £1.75mill Italy Vicenza Juventus Paolo Rossi
29%
1992 £12mill Italy Sampdoria Juventus Gianluca Vialli
21%
1992 £13mill Italy Torino AC Milan Gianluigi Lentini
12%
1967 £300,000 Denmark Bologna Inter Milan Harald Nielsen
4%
1975 £1.2mill Italy Bologna Napoli Giuseppe Savoldi
3%
1968 £500,000 Italy Varese Juventus Pietro Anastasi
3%
No matching quizzes found
Score Distribution
Percent of People with Each Score
Percentile by Number Answered
Your Score History
You have not taken this quiz